50 técnicas de mindfulness (Record no. 4500)

MARC details
000 -CABECERA
campo de control de longitud fija 03153nam a22002777a 4500
008 - DATOS DE LONGITUD FIJA--INFORMACIÓN GENERAL
campo de control de longitud fija 250217b |||||||| |||| 00| 0 eng d
020 ## - NÚMERO INTERNACIONAL ESTÁNDAR DEL LIBRO
Número Internacional Estándar del Libro 9788417399559
040 ## - FUENTE DE LA CATALOGACIÓN
Centro/agencia transcriptor tbs
041 ## - CÓDIGO DE LENGUA
Código de lengua del texto/banda sonora o título independiente spa
041 ## - CÓDIGO DE LENGUA
Código de lengua original eng
050 ## - SIGNATURA TOPOGRÁFICA DE LA BIBLIOTECA DEL CONGRESO
Número de clasificación BF637.M4
Número de documento/Ítem A4718 2019
100 ## - ENTRADA PRINCIPAL--NOMBRE DE PERSONA
Nombre de persona Altman, Don
Fechas asociadas al nombre 1950-
9 (RLIN) 24751
Término indicativo de función/relación author
240 ## - TÍTULO UNIFORME
Título uniforme Mindfulness toolbox.
Lenguaje de la obra Spanish.
245 ## - MENCIÓN DE TÍTULO
Título 50 técnicas de mindfulness
Resto del título : para la ansiedad, la depresión, el estrés y el dolor
Mención de responsabilidad, etc. / Don Altman ; translated by Vicente Merlo.
260 ## - PUBLICACIÓN, DISTRIBUCIÓN, ETC.
Lugar de publicación, distribución, etc. Málaga, Spain :
Nombre del editor, distribuidor, etc. Editorial Sirio,
Fecha de publicación, distribución, etc. [2019].
300 ## - DESCRIPCIÓN FÍSICA
Extensión 325 pages ;
Dimensiones 23 cm.
520 ## - SUMARIO, ETC.
Sumario, etc. La literatura sobre mindfulness es abundante, pero este libro es especialmente útil ya que puede considerarse una especie de botiquín de primeros auxilios. Se trata de una guía repleta de estrategias, una caja de herramientas completa y bien estructurada, para incorporar el mindfulness a la psicoterapia de forma atractiva y eficaz.<br/><br/>Las prácticas propuestas en esta guía, invitan al lector a reevaluar y observar sus propios pensamientos y hábitos negativos, su ansiedad, su dolor y su estrés, pero de un modo original, una manera que permite una nueva comprensión más profunda y que propicia el cambio positivo. <br/><br/>Descubre cómo empezar a aplicar sorprendentes técnicas diseñadas por expertos. Se trata de herramientas fáciles de usar y reproducir, como por ejemplo distintas técnicas de respiración, prácticas para superar la depresión o calmar la ansiedad, ejercicios para mejorar las habilidades de comunicación, meditaciones para la aceptación y el dolor, etc. <br/><br/>Este libro es ideal para quienes deseen aplicar los beneficios de la atención plena a su bienestar psicológico, así como para profesionales de la psicoterapia que quieran integrar el mindfulness en su trabajo.
520 ## - SUMARIO, ETC.
Sumario, etc. The literature on mindfulness is vast, but this book stands out as a particularly useful and accessible resource—a kind of first-aid kit for the mind. It serves as a comprehensive, well-structured toolbox, offering practical strategies to seamlessly integrate mindfulness into psychotherapy in an engaging and effective way.<br/><br/>The exercises and techniques in this guide encourage readers to reevaluate and observe their own negative thoughts, habits, anxiety, pain, and stress—but in a fresh and innovative manner. This approach fosters a deeper understanding and paves the way for positive change.<br/><br/>Discover how to apply expert-designed techniques, including breathing exercises, practices for overcoming depression and calming anxiety, tools to enhance communication skills, and meditations for acceptance and pain management.<br/><br/>This book is perfect for anyone looking to incorporate the benefits of mindfulness into their psychological well-being, as well as for psychotherapy professionals seeking to integrate mindfulness into their practice.
650 #0 - PUNTO DE ACCESO ADICIONAL DE MATERIA--TÉRMINO DE MATERIA
Término de materia o nombre geográfico como elemento de entrada Mindfulness-based cognitive therapy
9 (RLIN) 24752
650 #0 - PUNTO DE ACCESO ADICIONAL DE MATERIA--TÉRMINO DE MATERIA
Término de materia o nombre geográfico como elemento de entrada Meditation
9 (RLIN) 11807
650 #0 - PUNTO DE ACCESO ADICIONAL DE MATERIA--TÉRMINO DE MATERIA
Término de materia o nombre geográfico como elemento de entrada Stress (Psychology)
9 (RLIN) 24647
650 #0 - PUNTO DE ACCESO ADICIONAL DE MATERIA--TÉRMINO DE MATERIA
Término de materia o nombre geográfico como elemento de entrada Mind and body
9 (RLIN) 11131
655 #0 - TÉRMINO DE INDIZACIÓN--GÉNERO/FORMA
Datos o término principal de género/forma Self-Improvement
9 (RLIN) 24754
700 ## - ENTRADA AGREGADA--NOMBRE PERSONAL
Nombre de persona Merlo, Vicente
9 (RLIN) 24753
Término indicativo de función/relación translator
942 ## - ELEMENTOS DE ENTRADA AGREGADA (KOHA)
Fuente del sistema de clasificación o colocación Clasificación de Library of Congress
Holdings
Estado de retiro Estado de pérdida Fuente del sistema de clasificación o colocación Estado dañado No para préstamo Biblioteca de origen Biblioteca actual Fecha de adquisición Total de préstamos Signatura topográfica completa Código de barras Fecha visto por última vez Número de copia Precio válido a partir de Tipo de ítem Koha Nota pública
    Clasificación Decimal Dewey     TBS Barcelona TBS Barcelona 17/02/2025   BF637.M4 ALT B05946 17/02/2025 1 17/02/2025 Book WELL COLLECTION

Powered by Koha